000
00293nam a2200121Ia 4500
008
191201s2013 xx 000 0 und d
100
_a
KELLY, Anthony
245
0
_a
Maintenance Planning and Control
260
_a
N. delhi
_b
EWP
_c
2013
300
_a
329
650
_a
B.Tech(ME)
942
_2
ddc
_c
BK
999
_c
6123
_d
6123